00478 a2200157 4500020001500000040001300015082001000028100002100038245005000059250004600109260005500155300004200210500002000252650002200272700002600294 a8129701766 aDLCbDLC00a512.51 aKolman, Bernard,10aIntroductory linear algebra with applications a7th ed. /bBernard Kolman, David R. Hill. aUpper Saddle River, N.J. :bPrentice Hall,cc2001. axvi, 577, 68, 10 p. :bill. ;c27 cm. aIncludes index. 0aAlgebras, Linear.1 aHill, David R.d1943-